Airlines in East Asia - Statistics

General Stats
  • This quiz has been taken 9 times
  • The average score is 12 of 32
Answer Stats
Airline % Correct
Air China
100%
Japan Airlines
100%
China Eastern
86%
China Southern
86%
ANA
71%
Korean Air
71%
Asiana Airlines
57%
China Airlines
57%
EVA air
57%
Jeju Air
57%
Hainan Airlines
43%
MIAT
43%
Starlux
43%
Air Busan
29%
Air Koryo
29%
Jetstar Japan
29%
Shenzhen Airlines
29%
Sichuan Airlines
29%
Spring Air
29%
Tway
29%
Eastar Jet
14%
Hunnu Air
14%
Ibex Airlines
14%
Jin Air
14%
Juneyao Air
14%
Loong Air
14%
Qingdao Airlines
14%
Skymark
14%
Solaseed Air
14%
Spring Japan
14%
Starflyer
14%
Tigerair Taiwan
14%
No matching quizzes found
Score Distribution
Percent of People with Each Score
Percentile by Number Answered
Your Score History
You have not taken this quiz